Mu'awiyah bin Abu Sufyan : (Record no. 158511)

MARC details
000 -LEADER
fixed length control field 00678nam a2200241 i 4500
001 - CONTROL NUMBER
control field C2-0211840
003 - CONTROL NUMBER IDENTIFIER
control field PPAK
005 - DATE AND TIME OF LATEST TRANSACTION
control field 20180728103019.0
008 - FIXED-LENGTH DATA ELEMENTS--GENERAL INFORMATION
fixed length control field 990331s1997 my a|||| ||||| | may d
040 ## - CATALOGING SOURCE
Original cataloging agency PPAK
Language of cataloging eng
Transcribing agency PPAK
Description conventions rda
082 04 - DEWEY DECIMAL CLASSIFICATION NUMBER
Classification number 297
Edition number 23
090 00 - LOCALLY ASSIGNED LC-TYPE CALL NUMBER (OCLC); LOCAL CALL NUMBER (RLIN)
Classification number (OCLC) (R) ; Classification number, CALL (RLIN) (NR) 297
Feature heading MUA
Feature heading K
245 00 - TITLE STATEMENT
Title Mu'awiyah bin Abu Sufyan :
Remainder of title Pembina Armada Islam
264 #1 - PRODUCTION, PUBLICATION, DISTRIBUTION, MANUFACTURE, AND COPYRIGHT NOTICE
Place of production, publication, distribution, manufacture Kuala Lumpur :
Name of producer, publisher, distributor, manufacturer Pustaka Kuliyyah ,
Date of production, publication, distribution, manufacture, or copyright notice 1997
300 ## - PHYSICAL DESCRIPTION
Extent 31 pages :
Other physical details colour illustrations ;
Dimensions 30 cm
336 ## - CONTENT TYPE
Source rdacontent
Content type term text
337 ## - MEDIA TYPE
Source rdamedia
Media type term unmediated
338 ## - CARRIER TYPE
Source rdacarrier
Carrier type term volume
490 1# - SERIES STATEMENT
Series statement Siri teladan
650 10 - SUBJECT ADDED ENTRY--TOPICAL TERM
Topical term or geographic name entry element Islamic stories, Malay
830 #0 - SERIES ADDED ENTRY--UNIFORM TITLE
Uniform title Siri teladan
942 ## - ADDED ENTRY ELEMENTS (KOHA)
-- dc
Koha item type Book
Holdings
Withdrawn Not for loan Current library Shelving location Date acquired Full call number Barcode Date last seen Koha item type
    PD15, Kg. Naga, Kepala Batas Pinjaman Kanak-kanak 23/02/2000 K 297 MUA A00304453 01/06/2018 Book
    PD18, Kg. Wang Tepus, Jitra Pinjaman Kanak-kanak 23/02/2000 K 297 MUA A00278219 01/06/2018 Book
    PD18, Kg. Wang Tepus, Jitra Pinjaman Kanak-kanak 23/02/2000 K 297 MUA A00278220 01/06/2018 Book
    PD20, Felda Lubuk Merbau, Pendang Pinjaman Kanak-kanak 23/02/2000 K 297 MUA A00278213 01/06/2018 Book
    PD20, Felda Lubuk Merbau, Pendang Pinjaman Kanak-kanak 23/02/2000 K 297 MUA A00278214 01/06/2018 Book
    PD24, Felda Bukit Tangga, Bukit Kayu Hitam Pinjaman Kanak-kanak 23/02/2000 K 297 MUA A00880797 01/06/2018 Book
    PD24, Felda Bukit Tangga, Bukit Kayu Hitam Pinjaman Kanak-kanak 23/02/2000 K 297 MUA A00880798 01/06/2018 Book